01215nam a2200193Ia 4500001001000000003001000010008004100020040002500061041001300086100002300099245010600122250001100228260008700239300002700326500026000353501011400613520026000727650003400987L235-8847IT-CnALBA170116s9999||||xx |||||||||||||| ||und|| aIT-CnALBAcIT-CnALBA aITALIANO aPIO XI, PAPA RATTI 0aVIRTÙ E GLORIE DI S. GIOVANNI BOSCO. ESALTATE DA PIO XI, EM.MI CARDINALI, VESCOVI, E VARI ORATORI.  a1a ed. a TO BO CT PAbSOCIETÀ ED. INTER. c1934 [1° Ed.:1934 - Ed.Ling.Originale: 1934] a352 p. (prefazione: 3) aPAPA PIO XI. DISCORSI SU S. GIOVANNI BOSCO. OPERA DI DON BOSCO. CARD. PAROCCHI. GAETANO ALIMONDA. SVAMPA. MAFFI. GIOVANNI CAGLIERO. VESCOVO GUIDO CONFORTI. BOCCOLERI. BALLESIO GIACINTO. GIOVANNI CAVIGLIOLI. CAN. CRISTIANI. APPUNTI. CONFERENZE. DISCORSI DI aSocietà San Paolo EM - Piazza San Paolo, 14 - 12051 ALBA (CN) (non commercial uses only) ® Copyright 2017 aPAPA PIO XI. DISCORSI SU S. GIOVANNI BOSCO. OPERA DI DON BOSCO. CARD. PAROCCHI. GAETANO ALIMONDA. SVAMPA. MAFFI. GIOVANNI CAGLIERO. VESCOVO GUIDO CONFORTI. BOCCOLERI. BALLESIO GIACINTO. GIOVANNI CAVIGLIOLI. CAN. CRISTIANI. APPUNTI. CONFERENZE. DISCORSI DI aMARIA SS. ANGELI SANTI DEMONI